Les participants aux vidéos “Qui est l’imposteur ?” de Squeezie - Statistiques

Statistiques générales
  • Ce quiz a été pris 771 fois
    8 depuis la dernière actualisation
  • Le résultat moyen est 13 sur 20
Statistiques - réponses
Hint Réponse % Correct
11ème vidéo avec 18 millions de vue Charles Leclerc et Pierre Gasly
100%
7ème vidéo avec 42 millions de vue Eric et Ramzy
100%
15ème vidéo avec 16 millions de vue Alain Chabat et Adèle Exarchopoulos
83%
5ème vidéo avec 16 millions de vue Clara Luciani et Laura Felpin
83%
12ème vidéo avec 16 millions de vue Marion Cotillard et Camille Cottin
83%
1ère vidéo avec 33 millions de vue Mister V et Jonathan Cohen
83%
16ème vidéo avec 14 millions de vue Jérôme Commandeur et Alison Wheeler
67%
13ème vidéo avec 17 millions de vue Omar Sy et DJ Snake
67%
4ème vidéo avec 22 millions de vue Orelsan et Clément Cotentin
67%
8ème vidéo avec 19 millions de vue SCH et Soso Maness
67%
17ème vidéo avec 20 millions de vue Tiakola et SDM
67%
6ème vidéo avec 19 millions de vue Vald et Naza
67%
18ème vidéo avec 12 millions de vue Alexandre Astier et Kyan Khojandi
50%
2ème vidéo avec 27 millions de vue Djimo et Roman Frayssinet
50%
14ème vidéo avec 15 millions de vue Fary et Jean-Pascal Zadi
50%
3ème vidéo avec 23 millions de vue Jamel Debbouze et Alice Belaïdi
50%
9ème vidéo avec 24 millions de vue Pierre Niney et François Civil
50%
20ème vidéo avec 6,5 millions de vue Theodora et Guy2Bezbar
50%
19ème vidéo avec 10 millions de vue Aya Nakamura et Géraldine Nakache
33%
10ème vidéo avec 15 millions de vue Jérôme Niel et Panayotis Pascot
33%
Aucun quiz correspondant
Distribution des résultats
% des personnes avec chaque résultat
Percentile par nombre de réponses
Votre historique - résultats
Vous n’avez pas pris ce quiz depuis la dernière actualisation